| 000 | 00429nam a22001697a 4500 | ||
|---|---|---|---|
| 005 | 20251108164329.0 | ||
| 008 | 250721s1959 xx 000 0 ara d | ||
| 082 | 1 | 4 | _a921/طه |
| 100 | 1 | _aحسين، طه | |
| 245 | 1 | 0 | _aقادة الفكر / |
| 264 | 1 |
_aالقاهرة : _bدار المعارف، _c1959. |
|
| 300 | _a202 ص | ||
| 650 | 1 | 7 | _aالتراجم |
| 650 | 1 | 7 | _aالفلاسفة |
| 942 |
_2ddc _cBK |
||
| 999 |
_c9521 _d9521 |
||